000 00303nam a22001337a 4500
008 180306b xxu||||| |||| 00| 0 eng d
020 _a9780078600197
041 _aeng
080 _a34
100 _a14
101 _aJUR
245 _aStreet law a course in practical law
_cGlencoe,
942 _2udc
_cBK
999 _c44190
_d44190